Second five year plan Assam: a review of progress. (Record no. 87060)

MARC details
000 -LEADER
fixed length control field 00604cam a2200217 4500
001 - CONTROL NUMBER
control field sa 68016368
003 - CONTROL NUMBER IDENTIFIER
control field DLC
005 - DATE AND TIME OF LATEST TRANSACTION
control field 20260227112654.0
008 - FIXED-LENGTH DATA ELEMENTS--GENERAL INFORMATION
fixed length control field 700714s1963 ii 000 0 eng
010 ## - LIBRARY OF CONGRESS CONTROL NUMBER
LC control number sa 68016368
025 ## - OVERSEAS ACQUISITION NUMBER
Overseas acquisition number PL480:I-E-10562
040 ## - CATALOGING SOURCE
Original cataloging agency DLC
Transcribing agency DLC
Modifying agency DLC
050 00 - LIBRARY OF CONGRESS CALL NUMBER
Classification number HC437.A8
Item number A388
082 00 - DEWEY DECIMAL CLASSIFICATION NUMBER
Classification number 338.954/162
110 1# - MAIN ENTRY--CORPORATE NAME
Corporate name or jurisdiction name as entry element Assam (India).
Subordinate unit Planning and Development Department.
245 10 - TITLE STATEMENT
Title Second five year plan Assam: a review of progress.
260 ## - PUBLICATION, DISTRIBUTION, ETC.
Place of publication, distribution, etc. Shillong
Date of publication, distribution, etc. [1963]
300 ## - PHYSICAL DESCRIPTION
Extent 88 p.
Dimensions 35 cm.
500 ## - GENERAL NOTE
General note Cover title.
651 #0 - SUBJECT ADDED ENTRY--GEOGRAPHIC NAME
Geographic name Assam (India)
General subdivision Economic policy.

No items available.

Powered by Koha